000 02055nam a2200301 a 4500
001 000047456
003 DO-SdBNP
005 20240305130808.0
007 ta
008 180530s2017 dr ac gr 001 j spa d
020 _a9789945484236
040 _aDO-SdBNP
_bspa
_cBNPHU
082 4 _aRD863.5
_bC744C 2016
_222
111 2 _aConcurso de Cuento Joven Diógenes Valdez
_n(1:
_d2016 :
_cSan Cristóbal)
_980135
245 1 0 _aCuentos premiados :
_b edición y corrección, Ramón Mesa, Ysabel Florentino,
260 _aSan Cristóbal :
_bFeria del Libro Sancristobalense,
_c2017.
300 _a109 p. :
_bil., retrs. ;
_c22 cm.
505 _g1er.lugar
_tEl juego /
_rDaneiri Reyes Bello.--
_g2do. lugar.
_tTu último suspiro /
_rMiguel Eduardo Matos Florimón.--
_g3er. lugar
_tSombras de mi pasado /
_rSachariel Márquez Angomas.--
_gMención de Honor
_tElla estaba ahí /
_rRiclari Mariñez Lebrón.--
_gMención de Honor
_tEntre las sombras /
_rElisbeth Gina Rosario García.--
_gMención de honor
_tLa carta asesina /
_rAnyira Nova Pineda.--
_gMención de honor
_tLágrimas de Luloah /
_rAna Bárbara Ramírez.--
_tLas once horas de acción más lentas de toda mi vida /
_rRandy Alexander Rosario.--
_tMundos al revés /
_rJuleisi Saony Castillo Soriano.--
_tNo es vivir /
_rCarlos Joel Díaz Adames.--
_gFinalistas
_tLágrimas de sangre /
_rRaidy Frías Jiménez
_tCapitán Merito Aquino /
_rFrank Aquino Severino.--
_tRelato de un viernes /
_rGénesis Bravo Martínez.--
_tEl sueño de doña Carmen /
_rAltagracia de jesús.--
_tSin culpa a la muerte de Camila /
_rJeranny Reyes Vizcaíno.--
_tUna terrible pesadilla /
_rNicole Mercedes de la Rosa Rodríguez.--
_tLa llamada /
_rAlex Rodríguez Abreu.
590 _aInventariado,2018/DG
650 4 _aCuentos dominicanos
_980136
650 4 _aLiteratura dominicana
_980137
650 4 _aPremios literarios
_y2016
_980138
650 4 _aCertámenes literarios
_y2016
_980139
700 1 _aMesa, Ramón
_eed.
_943164
700 1 _aFlorentino, Ysabel,
_d1981-
_eed.
_943165
910 _aValidado. Control de calidad MFF
942 _2ddc
_cLBS1
999 _c46944
_d46944